Hero (unplugged) Starstruck all lyrics - Statistics

General Stats
  • This quiz has been taken 19 times
  • The average score is 156 of 189
Answer Stats
Hint Answer % Correct
a
100%
be
100%
be,
100%
everything
100%
for
100%
hear,
100%
hero.
100%
hero
100%
hero,
100%
Hero.
100%
I
100%
I,
100%
I'll
100%
me,
100%
you
100%
you.
100%
your
100%
an
92%
like
92%
the
92%
when
92%
and
85%
can't
85%
If
85%
if
85%
I'm
85%
need.
85%
one
85%
(yeah)
85%
yeah.
85%
yeah,
85%
Yeah,
85%
(Yeah)
85%
you're
85%
but
77%
could
77%
go,
77%
gravity,
77%
in
77%
mind,
77%
no
77%
(oh)
77%
(Oh)
77%
superman.
77%
take
77%
wanna
77%
believe
69%
'Cause
69%
destiny.
69%
fly
69%
hand,
69%
read
69%
So
69%
so
69%
unstoppable.
69%
anywhere
62%
with
62%
guy
54%
may
54%
ordinary
54%
sign,
54%
soul,
54%
tell
54%
then
54%
billboard
46%
heart
46%
it's
46%
of
38%
to
38%
become
31%
incredible,
31%
some
31%
that
31%
wait
31%
kind
23%
meant
23%
miracle,
23%
(Lyrics) (Hey)
15%
No matching quizzes found
Score Distribution
Percent of People with Each Score
Percentile by Number Answered
Your Score History
You have not taken this quiz